[Event "FRA-ch 2018 Seniors Veterans"]
[Site "Nimes"]
[Date "2018.08.18"]
[Round "1"]
[White "Prie, Eric"]
[Black "Clement, Herve"]
[Result "1-0"]
[WhiteElo "2480"]
[BlackElo "1640"]
[Annotator "TA"]
[PlyCount "43"]
[EventDate "2018.08.18"]
[EventType "tourn"]
[EventCountry "FRA"]
[SourceTitle "playchess.com"]
[Source "ChessBase"]
[SourceQuality "1"]

{[%evp 11,43,0,10,2,29,20,22,23,23,2,17,17,31,0,49,36,36,34,103,97,108,113,107,115,336,343,856,852,805,510,1033,1014,1131,1105]} 1. d4 e6 2. Nf3 Nf6 3. Bf4 d5 4. e3 Nbd7 5. Nbd2 Be7 6. Bd3 Nh5 7. Be5 {D02: Damenbauernspiele} Nxe5 (7... c5 8. c3 Qb6 9. Qb3 c4 10. Qxb6 axb6 11. Be2 b5 12. O-O Kd8 13. a3 f6 14. Ng5 Nxe5 15. Bxh5 fxg5 16. dxe5 {0-1 (65) Pakleza,Z (2429)-Aleksandrov,A (2619) Warsaw 2006}) 8. Nxe5 Nf6 9. O-O {[%cal Bh1f1,Bf1f3,Bf3g3][%mdl 32] Die Stellung ist ausgeglichen.} O-O 10. f4 $146 ({Vorgänger:} 10. c3 Nd7 11. f4 f5 12. Qh5 Rf6 13. Qe2 Nxe5 14. fxe5 Rg6 {0-1 (38) Atienza Roy,J (2066)-Fernandez Benito,F (1852) Barcelona 2014}) 10... Bd6 11. Rf3 g6 12. Rg3 Kg7 13. c3 $36 {[%mdl 2048] Weiss steht aktiver.} Bd7 14. Ndf3 Ne4 ({Günstiger ist} 14... Qe7 $14) 15. Bxe4 $16 dxe4 16. Ng5 Bxe5 17. fxe5 Bc6 $2 (17... f5 $16) 18. Qg4 $18 Qd5 $2 {[#]} (18... Qe7 19. Rh3 (19. Nxe4 Bxe4 20. Qxe4 f5 $18) 19... Rh8) 19. Nxh7 $1 {[%mdl 512] Weiß steht klar auf Gewinn.} Rh8 (19... Kxh7 20. Qh4+) 20. Ng5 {Tf1 ist eine echte Drohung.} Rh6 (20... Raf8 $142 21. Rf1 Be8) 21. Rf1 Rf8 22. Rh3 {Precision: Weiß = 73%, Schwarz = 23%.} 1-0

[Event "FRA-ch 2018 Seniors Veterans"]
[Site "Nimes"]
[Date "2018.08.18"]
[Round "1"]
[White "Saucey, Michel"]
[Black "Boudesseul, Richard"]
[Result "1-0"]
[WhiteElo "2283"]
[BlackElo "1639"]
[Annotator "TA"]
[PlyCount "83"]
[EventDate "2018.08.18"]
[EventType "tourn"]
[EventCountry "FRA"]
[SourceTitle "playchess.com"]
[Source "ChessBase"]
[SourceQuality "1"]

{[%evp 19,83,22,52,47,67,62,93,87,132,122,141,140,168,172,220,219,218,227,261,260,277,260,253,243,245,221,297,307,296,295,565,573,548,535,540,536,506,492,481,474,413,414,386,364,360,352,313,266,657,648,584,572,536,555,755,783,785,783,754,753,839,855,1095,1078,1851,1914]} 1. d4 Nf6 2. c4 g6 3. Nf3 Bg7 4. g3 O-O 5. Bg2 d6 6. Nc3 Nbd7 7. O-O e5 8. e4 c6 9. h3 Re8 10. Re1 Qe7 {LiveBook: 8 Games} 11. d5 {E69: King's Indian: Fianchetto: 6...Nbd7 7 0-0 e5 8 e4 c6 9 h3} cxd5 $146 ({Predecessor:} 11... c5 12. Bg5 h6 13. Bxf6 Nxf6 14. Qd3 {½-½ (14) Zivkovic,V (2379)-Loncar,R (2389) Sibenik 2012}) 12. cxd5 Nf8 13. Be3 {White is better.} a6 14. a4 {[%cal Ba2a4,Ba4a5][%mdl 32]} h6 15. Nd2 Nh5 16. Nc4 Nd7 17. Rc1 Bf8 18. a5 Nhf6 19. Na4 Rb8 20. Re2 Rd8 21. b4 Ne8 22. Ncb6 f5 23. Rec2 Nxb6 24. Bxb6 ({Don't do} 24. Nxb6 $6 Bd7 $18) 24... fxe4 $2 {[#]} (24... Bd7) 25. Bxd8 $18 Qxd8 26. Nb6 Bd7 27. Bxe4 Bxh3 28. Bxg6 Qg5 29. Qh5 Qxh5 30. Bxh5 Nf6 31. Be2 h5 32. Rc7 Bh6 33. Rd1 Re8 $2 {[#]} (33... Bg5 34. f3 Ne8) 34. Rxb7 {White is clearly winning.} e4 35. Ra7 h4 36. gxh4 Kh8 {intending ...Rg8+.} 37. Ra8 Rxa8 38. Nxa8 e3 39. Rd4 Nd7 40. Nc7 Bg7 41. fxe3 {[%cal Bf2e3,Be3d4][%mdl 32]} Bxd4 42. exd4 {Precision: White = 81%, Black = 30%.} 1-0

[Event "FRA-ch 2018 Seniors Veterans"]
[Site "Nimes"]
[Date "2018.08.18"]
[Round "1"]
[White "Barat, Jacques"]
[Black "Vareille, Francois"]
[Result "0-1"]
[WhiteElo "1639"]
[BlackElo "2421"]
[Annotator "TA"]
[PlyCount "68"]
[EventDate "2018.08.18"]
[EventType "tourn"]
[EventCountry "FRA"]
[SourceTitle "playchess.com"]
[Source "ChessBase"]
[SourceQuality "1"]

{[%evp 16,68,0,-9,0,-31,-26,-24,-25,-40,-16,-44,-38,-72,-66,-60,-45,-57,-35,-47,-52,-137,-58,-121,-128,-92,-118,-115,-94,-170,-159,-279,-288,-268,-189,-233,-225,-216,-230,-229,-220,-311,-352,-1145,-1018,-2277,-2221,-29989,-29989,-29991,-29992,-29992,-29993,-29993,-29994]} 1. d4 Nf6 2. Nf3 g6 3. g3 Bg7 4. Bg2 c5 5. e3 O-O 6. O-O d5 7. b3 Nc6 8. Bb2 cxd4 9. Nxd4 {LiveBook: 6 Games} Re8 {A05: Réti Opening: 1 Nf3 Nf6} (9... Bg4 10. Nxc6 bxc6 11. Qc1 Qd7 12. c4 Rfe8 13. f3 Bh3 14. Nc3 e5 15. Na4 Bxg2 16. Kxg2 e4 17. Qc3 {0-1 (47) Liascovich,L (2478)-Obregon,C (2502) Saenz Pena 2014}) 10. Nd2 e5 11. Nxc6 bxc6 {Black has an edge.} 12. c4 Bg4 13. f3 $146 ({Predecessor:} 13. Qc2 Qd7 14. Nf3 Ne4 15. Rfd1 Rad8 16. Rac1 Bh3 17. cxd5 cxd5 {0-1 (40) Babic,Z (2201)-Plenca,J (2353) Zagreb 2013}) 13... Bc8 14. cxd5 cxd5 15. Re1 h5 16. Rc1 Ba6 17. Nb1 Qa5 $36 {[%mdl 2048] Black has the initiative.} 18. Nc3 (18. Ba3 $15) 18... Rac8 (18... d4 $1 $17 {[%cal Rd4c3]} 19. Na4 Rac8 20. exd4 (20. Rxc8 Bxc8 21. Bc1 Bb7 $15) 20... exd4 21. Rxe8+ Nxe8) 19. Bh3 {[#]} (19. Na4 $15) 19... Rcd8 $1 $17 20. Na4 {[#]} d4 $1 {[%cal Rd4e3][%mdl 512]} 21. Rc5 (21. exd4 exd4) 21... Qb4 22. a3 (22. e4 $17) 22... Qb8 $19 {Strongly threatening ...dxe3.} 23. exd4 (23. e4 $17) 23... exd4 {And now ...Rxe1+ would win.} 24. Rxe8+ Nxe8 25. Bf1 Bxf1 26. Kxf1 {[#]} h4 $1 {[%cal Bh5h4,Bh4g3,Bg3h2][%mdl 544]} 27. Kg2 (27. gxh4 Qxh2) 27... d3 28. Bxg7 (28. b4 $142) 28... Nxg7 29. Rc3 $2 (29. Qd2 Qxb3 30. Nc3) 29... Nf5 {Hoping for ...Ne3+.} 30. Qd2 hxg3 31. Rxd3 Nh4+ {Black mates.} 32. Kh3 Rxd3 33. Qxd3 gxh2 34. Qd1 Nf5 {Precision: White = 21%, Black = 56%.} 0-1

[Event "FRA-ch 2018 Seniors Veterans"]
[Site "Nimes"]
[Date "2018.08.18"]
[Round "1"]
[White "Duval, Michel"]
[Black "Vial, Patrick"]
[Result "0-1"]
[WhiteElo "1634"]
[BlackElo "2139"]
[Annotator "TA"]
[PlyCount "116"]
[EventDate "2018.08.18"]
[EventType "tourn"]
[EventCountry "FRA"]
[SourceTitle "playchess.com"]
[Source "ChessBase"]
[SourceQuality "1"]

{[%evp 9,116,32,41,27,61,61,47,61,78,69,80,70,83,66,79,70,72,31,52,56,43,0,0,0,7,17,29,-73,33,25,169,48,127,120,209,220,213,200,180,52,71,43,145,66,62,-93,58,41,42,42,82,0,0,0,0,-116,-103,-153,-14,-14,-14,-14,-14,-14,-14,-37,-25,-25,-28,-28,-20,-35,-17,-22,-19,-35,-8,-15,-15,-15,0,0,0,0,0,0,11,0,0,0,0,0,0,-1016,-525,-1195,-1150,-12648,-11784,-10545,-12775,-29952,-29951,-29960,-29959,-29965,-29968,-29965,-29971]} 1. e4 d5 2. exd5 Nf6 3. Bb5+ Nbd7 4. c4 a6 5. Bxd7+ Bxd7 {LiveBook: 5 Games} 6. Nc3 {B01: Scandinavian Defence} (6. d4 e6 7. dxe6 Qe7 8. Ne2 Bxe6 9. d5 O-O-O 10. O-O Bg4 11. Nbc3 Qb4 12. Qd3 Bc5 13. a3 Qb3 {1-0 (24) Dauth,B (2367)-Hartung Nielsen,J (2194) Helsingor 2016}) 6... c6 7. dxc6 Bxc6 8. Nf3 {White is slightly better.} e6 $146 ({Predecessor:} 8... e5 9. Qe2 e4 10. Ne5 Qc7 11. Nxc6 Qxc6 12. d4 Bb4 13. Bd2 O-O {1-0 (30) Petukhov,D (2086)-Hnykin,N Saratov 1999}) 9. O-O Bc5 10. Ne5 Rc8 11. Nxc6 (11. Ne2 {keeps more tension.} Bd6 12. d4 Qc7 13. Nxc6 Qxc6 14. Bg5) 11... Rxc6 12. Qf3 O-O 13. b3 Bd4 14. Rb1 e5 15. Ne4 Nxe4 16. Qxe4 f5 17. Qe2 f4 {Threatens to win with ...f3!} 18. Qe4 {[#]} (18. Qf3 $11 {remains equal.}) 18... Qg5 (18... f3 $1 $17 {[%mdl 512] Hoping for ...Rg6.} 19. d3 (19. gxf3 Rf4) 19... Qd7) 19. d3 Rg6 (19... Qh5 $11) 20. Qf3 (20. Qxb7 $18 Rd8 21. Qf3) 20... Qh4 (20... Qg4 $14 21. Qxg4 (21. Qxb7 $2 f3 $19) 21... Rxg4) 21. Bb2 $1 $16 Rf5 (21... Bxb2 $16 22. Rxb2 Qe7) 22. Bxd4 $1 $18 (22. Qxb7 f3 $19) 22... exd4 23. Rfe1 (23. Qxb7 f3 $11) 23... h6 24. Re4 ({Not} 24. Qxb7 Rfg5 $11) (24. Re8+ $18 Kh7 25. Kh1) 24... Rh5 $1 $14 25. h3 Rhg5 ({Black should play} 25... Qxh3 $1 $14 26. Qxh3 Rxh3) 26. Rxf4 (26. g4 $16) 26... Rxg2+ 27. Kf1 $2 {[#]} (27. Kh1 $14 {was the only good move.} Qg5 28. Qd5+ Qxd5 29. cxd5) 27... Qg5 $2 ({But not} 27... Rg1+ $6 28. Ke2 $11) (27... Rxf2+ $1 $17 {[%mdl 512]} 28. Qxf2 Qxh3+ 29. Ke1 Qh1+ 30. Qf1 Rg1) 28. Rg4 $1 Rxg4 29. hxg4 {[%mdl 4096] Endgame KQR-KQR} Rf6 30. Qg3 (30. Qd5+ $16 Qxd5 31. cxd5) 30... Rf4 $36 {[%mdl 2048] Black has some pressure.} 31. f3 h5 {[%cal Rh5g4]} 32. Re1 (32. Kg1 $11) 32... hxg4 $17 33. Kg2 Rxf3 (33... gxf3+ $17 34. Kf2 Qh6 35. Re8+ Kh7) 34. Qb8+ $1 $11 Rf8 {( -> ...Qd2+)} 35. Qe5 $1 {[%cal Re5g5]} Qxe5 36. Rxe5 {KR-KR} Rf3 37. Re4 Rxd3 38. Rxg4 Rd2+ 39. Kf3 Rxa2 40. Rxd4 Ra3 41. Rd3 a5 {White must now prevent ...a4.} 42. Ke4 Kh7 43. Kd4 Kg6 44. c5 Kf5 45. Kc4 a4 {...Rxb3 is the strong threat.} 46. Rd5+ Ke6 47. Rd6+ Ke7 48. bxa4 Rxa4+ 49. Kb5 Ra1 50. Kb6 Rb1+ 51. Ka7 $2 {[%mdl 8192] [#]} (51. Ka5 $11) 51... Rb5 $1 $19 {[%cal Rb5c5]} 52. Rb6 Rxc5 53. Rxb7+ Kf6 54. Rb6+ Kf5 55. Rb7 g5 {Black mates.} 56. Rh7 Kf4 57. Rh5 Rb5 58. Ka6 Rb1 {Precision: White = 41%, Black = 45%.} 0-1

[Event "FRA-ch 2018 Seniors Veterans"]
[Site "Nimes"]
[Date "2018.08.19"]
[Round "2"]
[White "Vareille, Francois"]
[Black "Simon, Hans Christian"]
[Result "1-0"]
[WhiteElo "2421"]
[BlackElo "2190"]
[Annotator "TA"]
[PlyCount "53"]
[EventDate "2018.08.18"]
[EventType "tourn"]
[EventCountry "FRA"]
[SourceTitle "playchess.com"]
[Source "ChessBase"]
[SourceQuality "1"]

{[%evp 9,53,48,68,48,75,74,72,66,70,61,101,93,102,105,99,93,156,116,118,49,96,75,104,79,224,159,150,110,213,156,194,151,279,341,431,422,421,414,418,385,624,621,772,862,29992,29993]} 1. d4 g6 2. e4 Bg7 3. c3 d6 4. f4 c6 5. Nf3 Na6 (5... Nd7 6. Bd3 e5 7. O-O Qe7 8. fxe5 dxe5 9. Bg5 f6 10. Bh4 Nh6 11. Nbd2 O-O 12. Nc4 Nf7 13. a4 {1-0 (49) Timman,J (2590)-Piket,J (2645) Dordrecht 2003}) 6. Bd3 {B06: Modern Defence} Nc7 7. h3 $146 ({Predecessor:} 7. Be3 Nf6 8. O-O O-O 9. h3 d5 10. e5 Ne4 11. Nbd2 f5 12. exf6 exf6 13. Qc2 {0-1 (52) Colls Gelaberto,E (2260)-Piqueres Pla,E (2265) Spain 1999}) 7... e6 8. O-O {White is better.} Ne7 9. Qe1 Bd7 10. b3 b6 11. Nbd2 d5 12. e5 c5 (12... a5 $142) 13. a4 cxd4 14. cxd4 (14. Nxd4 $16 Nf5 15. Ba3) 14... O-O 15. Ba3 Re8 16. g4 Qb8 (16... a5 $16 {might work better.}) 17. Qh4 Qd8 18. Qg3 ({But not} 18. Ng5 h6 $16) 18... Rc8 (18... a5 $16) 19. Kh1 Bf8 20. Rf2 $36 {[%mdl 2048] White has strong initiative.} Kg7 (20... b5 $16 21. Bd6 bxa4) 21. Rg1 $18 ({Not} 21. Qh4 Nc6 $14) 21... Ng8 22. Bxf8+ Rxf8 23. f5 Ne8 24. f6+ Kh8 $2 (24... Nexf6 25. exf6+ Nxf6) 25. Ng5 Rc3 {[#]} 26. Nxh7 $1 {[%mdl 512]} Rxd3 (26... Kxh7 27. Bxg6+) 27. Qh4 {Precision: White = 50%, Black = 27%.} 1-0

[Event "FRA-ch 2018 Seniors Veterans"]
[Site "Nimes"]
[Date "2018.08.19"]
[Round "2"]
[White "Vial, Patrick"]
[Black "Delobel, Alain"]
[Result "1-0"]
[WhiteElo "2139"]
[BlackElo "1761"]
[Annotator "NA"]
[PlyCount "57"]
[EventDate "2018.08.18"]
[EventType "tourn"]
[EventCountry "FRA"]
[SourceTitle "playchess.com"]
[Source "ChessBase"]
[SourceQuality "1"]
[TimeControl "40/5400+30:1800+30"]

1. e4 {[%emt 0:00:00]} e6 {[%emt 0:01:35]} 2. d4 {[%emt 0:00:10]} d5 {[%emt 0:00:18]} 3. e5 {[%emt 0:00:58]} c5 {[%emt 0:00:32]} 4. c3 {[%emt 0:00:16]} Nc6 {[%emt 0:03:05]} 5. Nf3 {[%emt 0:00:12]} Qb6 {[%emt 0:03:11]} 6. a3 {[%emt 0:00:55]} a5 {[%emt 0:01:19]} 7. Be2 {[%emt 0:04:46]} a4 {[%emt 0:02:48]} 8. O-O {[%emt 0:01:25]} c4 {[%emt 0:17:01]} 9. Nbd2 {[%emt 0:06:02]} Be7 {[%emt 0:05:35]} 10. Re1 {[%emt 0:07:50]} Bd7 {[%emt 0:00:10]} 11. Nf1 {[%emt 0:02:46]} h6 {[%emt 0:06:06]} 12. Qc2 {[%emt 0:05:41]} Na5 {[%emt 0:01:49]} 13. Be3 {[%emt 0:01:04]} Nb3 {[%emt 0:03:36]} 14. Rab1 {[%emt 0:00:17]} O-O-O {[%emt 0:00:43]} 15. N3d2 {[%emt 0:06:43]} Bb5 {[%emt 0:08:54]} 16. f4 {[%emt 0:06:48]} g6 {[%emt 0:10:07]} 17. Bf2 {[%emt 0:02:45]} h5 {[%emt 0:00:56]} 18. Nf3 {[%emt 0:04:14]} Nh6 {[%emt 0:06:40]} 19. Ne3 {[%emt 0:00:49]} Nf5 {[%emt 0:05:52]} 20. Nxf5 {[%emt 0:01:16]} gxf5 {[%emt 0:02:23]} 21. Bh4 {[%emt 0:14:07]} Bxh4 {[%emt 0:02:17]} 22. Nxh4 {[%emt 0:00:02]} Nxd4 {[%emt 0:00:13]} 23. cxd4 {[%emt 0:00:05]} Qxd4+ {[%emt 0:00:10]} 24. Kh1 {[%emt 0:00:02]} Qxf4 {[%emt 0:04:28]} 25. Nf3 {[%emt 0:01:53]} Kb8 {[%emt 0:03:18]} 26. Qc3 {[%emt 0:02:24]} d4 {[%emt 0:03:14]} 27. Qb4 {[%emt 0:01:31]} Bc6 {[%emt 0:00:33]} 28. Qxc4 {[%emt 0:01:45]} Be4 29. Rbd1 1-0

[Event "FRA-ch 2018 Seniors Veterans"]
[Site "Nimes"]
[Date "2018.08.19"]
[Round "2"]
[White "Koenig, Joel"]
[Black "Prie, Eric"]
[Result "0-1"]
[WhiteElo "1772"]
[BlackElo "2480"]
[Annotator "ChessBase"]
[PlyCount "68"]
[EventDate "2018.08.18"]
[EventType "tourn"]
[EventCountry "FRA"]
[SourceTitle "playchess.com"]
[Source "ChessBase"]
[SourceQuality "1"]
[TimeControl "40/5400+30:1800+30"]

1. d4 {[%emt 0:00:00]} Nf6 {[%emt 0:00:00]} 2. Bf4 {[%emt 0:00:02]} c5 {[%emt 0:00:10]} 3. e3 {[%emt 0:00:23]} g6 {[%emt 0:06:49]} 4. Be2 {[%emt 0:04:14]} Bg7 {[%emt 0:08:35]} 5. Nf3 {[%emt 0:02:36]} O-O {[%emt 0:00:39]} 6. O-O {[%emt 0:01:29]} Qb6 {[%emt 0:00:17]} 7. Nbd2 {[%emt 0:04:47]} d5 {[%emt 0:02:21]} 8. Rb1 {[%emt 0:16:46]} Nc6 {[%emt 0:02:09]} 9. dxc5 {[%emt 0:06:08]} Qxc5 {[%emt 0:04:20]} 10. Nb3 {[%emt 0:00:34]} Qb6 {[%emt 0:00:11]} 11. c3 {[%emt 0:01:48]} Re8 {[%emt 0:02:11]} 12. Ne5 {[%emt 0:07:04]} a5 {[%emt 0:12:34]} 13. Nd4 {[%emt 0:10:49]} Ne4 {[%emt 0:00:59]} 14. Ndf3 {[%emt 0:05:58]} Be6 {[%emt 0:03:40]} 15. h3 {[%emt 0:02:46]} a4 {[%emt 0:00:47]} 16. Nxc6 {[%emt 0:05:26]} bxc6 {[%emt 0:02:08]} 17. Be5 {[%emt 0:09:57]} f6 {[%emt 0:18:30]} 18. Bh2 {[%emt 0:00:12]} Bf7 {[%emt 0:00:34]} 19. Bd3 {[%emt 0:02:06]} e5 {[%emt 0:01:11]} 20. Qc2 {[%emt 0:03:26]} Nc5 {[%emt 0:01:47]} 21. Be2 {[%emt 0:00:27]} g5 {[%emt 0:00:49]} 22. b4 {[%emt 0:00:51]} axb3 {[%emt 0:00:24]} 23. axb3 {[%emt 0:00:19]} Bg6 {[%emt 0:00:11]} 24. Qb2 {[%emt 0:02:21]} Bxb1 {[%emt 0:12:19]} 25. Rxb1 {[%emt 0:00:13]} Qa7 {[%emt 0:00:10]} 26. c4 {[%emt 0:01:29]} Qa2 {[%emt 0:00:31]} 27. cxd5 {[%emt 0:01:40]} Qxb2 {[%emt 0:00:21]} 28. Rxb2 {[%emt 0:00:08]} Ra1+ {[%emt 0:00:06]} 29. Bf1 {[%emt 0:00:22]} cxd5 {[%emt 0:00:18]} 30. b4 {[%emt 0:01:01]} Na4 {[%emt 0:06:00]} 31. Rb3 {[%emt 0:00:19]} Rc8 {[%emt 0:00:19]} 32. Bg3 {[%emt 0:01:31]} Rc3 {[%emt 0:02:16]} 33. Rxc3 {[%emt 0:02:33]} Nxc3 {[%emt 0:00:10]} 34. Nd2 {[%emt 0:01:04]} Rd1 {[%emt 0:00:33]} 0-1

[Event "FRA-ch 2018 Seniors Veterans"]
[Site "Nimes"]
[Date "2018.08.19"]
[Round "2"]
[White "Hodot, Yves"]
[Black "Saucey, Michel"]
[Result "1-0"]
[WhiteElo "1765"]
[BlackElo "2283"]
[Annotator "NA"]
[PlyCount "89"]
[EventDate "2018.08.18"]
[EventType "tourn"]
[EventCountry "FRA"]
[SourceTitle "playchess.com"]
[Source "ChessBase"]
[SourceQuality "1"]
[TimeControl "40/5400+30:1800+30"]

1. e4 {[%emt 0:05:43]} c5 {[%emt 0:00:00]} 2. b4 {[%emt 0:02:10]} cxb4 {[%emt 0:00:00]} 3. c4 {[%emt 0:00:22]} e5 {[%emt 0:00:24]} 4. Bb2 {[%emt 0:00:11]} Nc6 {[%emt 0:00:13]} 5. Nf3 {[%emt 0:00:15]} Bc5 {[%emt 0:00:08]} 6. Be2 {[%emt 0:02:44]} d6 {[%emt 0:00:07]} 7. h3 {[%emt 0:01:08]} Nf6 {[%emt 0:02:48]} 8. d3 {[%emt 0:00:25]} O-O {[%emt 0:00:54]} 9. O-O {[%emt 0:00:40]} a5 {[%emt 0:09:24]} 10. a3 {[%emt 0:08:06]} Ra6 {[%emt 0:12:04]} 11. Nbd2 {[%emt 0:02:39]} Bd7 {[%emt 0:00:48]} 12. Nb3 {[%emt 0:03:27]} Qe7 {[%emt 0:01:06]} 13. Re1 {[%emt 0:16:55]} Rfa8 {[%emt 0:05:57]} 14. a4 {[%emt 0:02:36]} Re8 {[%emt 0:05:54]} 15. Bf1 {[%emt 0:02:43]} Raa8 {[%emt 0:03:51]} 16. g3 {[%emt 0:02:30]} Bc8 {[%emt 0:17:51]} 17. Bg2 {[%emt 0:01:46]} Nd7 {[%emt 0:00:45]} 18. Nh4 {[%emt 0:07:02]} g6 {[%emt 0:00:27]} 19. Qd2 {[%emt 0:01:14]} Bb6 {[%emt 0:01:33]} 20. Kh2 {[%emt 0:11:09]} Nc5 {[%emt 0:02:09]} 21. Nxc5 {[%emt 0:03:41]} Bxc5 {[%emt 0:01:42]} 22. Nf3 {[%emt 0:02:40]} Be6 {[%emt 0:02:58]} 23. Rac1 {[%emt 0:01:52]} Rac8 {[%emt 0:02:36]} 24. Rf1 {[%emt 0:06:15]} Bd7 {[%emt 0:01:52]} 25. Ng1 {[%emt 0:01:06]} Bd4 {[%emt 0:00:17]} 26. Ne2 {[%emt 0:01:52]} Bxb2 {[%emt 0:00:05]} 27. Qxb2 {[%emt 0:00:02]} Nb8 {[%emt 0:02:14]} 28. f4 {[%emt 0:02:06]} Na6 {[%emt 0:00:48]} 29. d4 {[%emt 0:04:22]} exd4 {[%emt 0:00:23]} 30. f5 {[%emt 0:03:15]} Nc5 {[%emt 0:07:00]} 31. Nf4 {[%emt 0:00:57]} Bc6 {[%emt 0:00:34]} 32. Qxd4 {[%emt 0:02:39]} Nb3 {[%emt 0:00:26]} 33. Qe3 {[%emt 0:00:45]} Nxc1 {[%emt 0:00:36]} 34. Qxc1 {[%emt 0:00:51]} Qg5 {[%emt 0:07:11]} 35. h4 {[%emt 0:00:20]} Qh6 {[%emt 0:00:23]} 36. Qb2 {[%emt 0:00:56]} g5 {[%emt 0:00:55]} 37. Nh3 {[%emt 0:00:05]} gxh4 {[%emt 0:00:30]} 38. Rf4 {[%emt 0:00:52]} hxg3+ {[%emt 0:01:03]} 39. Kxg3 {[%emt 0:00:08]} Re5 {[%emt 0:01:28]} 40. Qd4 {[%emt 0:00:51]} Kh8 {[%emt 0:06:32]} 41. Nf2 {[%emt 0:05:17]} Rg8+ {[%emt 0:14:48]} 42. Ng4 {[%emt 0:00:36]} Qf6 {[%emt 0:02:01]} 43. Kh3 {[%emt 0:05:14]} Rxg4 {[%emt 0:03:16]} 44. Rxg4 {[%emt 0:00:57]} Rxf5 {[%emt 0:01:03]} 45. exf5 1-0

[Event "FRA-ch 2018 Seniors Veterans"]
[Site "Nimes"]
[Date "2018.08.20"]
[Round "3"]
[White "Prie, Eric"]
[Black "Decroix, Paloan"]
[Result "1-0"]
[WhiteElo "2480"]
[BlackElo "1916"]
[Annotator "TA"]
[PlyCount "73"]
[EventDate "2018.08.18"]
[EventType "tourn"]
[EventCountry "FRA"]
[SourceTitle "playchess.com"]
[Source "ChessBase"]
[SourceQuality "1"]

{[%evp 20,73,0,0,14,8,79,83,95,113,110,107,110,105,125,146,189,211,183,116,196,196,206,216,203,182,174,170,160,160,170,200,233,244,221,161,161,161,160,160,160,141,296,261,296,281,297,285,382,374,599,582,799,794,689,656]} 1. d4 Nf6 2. Nf3 e6 3. Bf4 b6 4. e3 Bb7 5. Bd3 Be7 6. h3 c5 7. c3 O-O 8. Nbd2 d5 9. Qe2 {D02: 1 d4 d5 2 Nf3 sidelines, including 2...Nf6 3 g3 and 2...Nf6 3 Bf4} (9. Ne5 Ne4 10. Qc2 f6 11. Nef3 f5 12. Ne5 Nc6 13. Ndf3 c4 14. Be2 b5 15. O-O a5 16. Nxc6 Bxc6 17. Ne5 {½-½ (36) Kamsky,G (2706)-Almasi,Z (2690) Tromsoe 2014}) 9... Ne4 10. Rd1 Nd7 11. O-O {LiveBook: 6 Games. The position is equal.} c4 12. Bc2 $146 ({Predecessor:} 12. Bb1 b5 13. Nxe4 dxe4 14. Nd2 f5 15. b3 Nb6 16. Rc1 Ba3 17. Rc2 Rc8 18. Be5 {1-0 (39) Dang,H (2325)-Schebler,G (2430) Bangkok 2016}) 12... b5 (12... Ndf6 $11 {keeps the balance.}) 13. Nxe4 $16 dxe4 14. Nd2 $1 f5 {[#]} 15. a4 $1 a6 {[#]} 16. b3 $1 cxb3 17. Bxb3 Rf6 18. axb5 axb5 19. Ra1 ({Not} 19. Qxb5 Ba6 $14) (19. Bg5 $18) 19... Ba6 (19... Rxa1 $16 20. Rxa1 Qb6) 20. Ra2 $18 Nb6 21. Rfa1 Qc8 22. Bg5 Rf7 {[#]} 23. Rxa6 $1 {[%mdl 512]} Rxa6 24. Rxa6 Qxa6 25. Bxe6 {Threatens to win with Qh5.} Na4 26. Bxf7+ Kxf7 27. Qh5+ Qg6 28. Qxg6+ hxg6 29. Bxe7 Kxe7 {[%mdl 4096] Endgame KN-KN} 30. c4 b4 $2 (30... Nc3 $16 31. cxb5 Nxb5) 31. Kf1 g5 32. Ke1 Nc3 33. Nb3 Kd6 34. Kd2 f4 $2 (34... Na4 35. Kc2 g6) 35. Kc2 {White is clearly winning.} f3 36. gxf3 exf3 37. Nd2 {Precision: White = 94%, Black = 18%.} 1-0

[Event "FRA-ch 2018 Seniors Veterans"]
[Site "Nimes"]
[Date "2018.08.20"]
[Round "3"]
[White "Morais, Alain"]
[Black "Vial, Patrick"]
[Result "0-1"]
[WhiteElo "2006"]
[BlackElo "2139"]
[Annotator "NA"]
[PlyCount "74"]
[EventDate "2018.08.18"]
[EventType "tourn"]
[EventCountry "FRA"]
[SourceTitle "playchess.com"]
[Source "ChessBase"]
[SourceQuality "1"]
[TimeControl "40/5400+30:1800+30"]

1. e4 {[%emt 0:00:10]} d5 {[%emt 0:00:00]} 2. exd5 {[%emt 0:00:22]} Nf6 {[%emt 0:00:00]} 3. d4 {[%emt 0:00:37]} Bg4 {[%emt 0:00:01]} 4. Nf3 {[%emt 0:02:34]} Qxd5 {[%emt 0:00:18]} 5. Be2 {[%emt 0:00:26]} Nc6 {[%emt 0:00:57]} 6. c3 {[%emt 0:07:35]} O-O-O {[%emt 0:01:43]} 7. O-O {[%emt 0:00:45]} e6 {[%emt 0:14:17]} 8. Bf4 {[%emt 0:07:53]} Qf5 {[%emt 0:31:38]} 9. Bg3 {[%emt 0:19:15]} Bd6 {[%emt 0:15:44]} 10. Qa4 {[%emt 0:02:07]} Bxg3 {[%emt 0:00:51]} 11. fxg3 {[%emt 0:00:02]} Qe4 {[%emt 0:03:37]} 12. Qd1 {[%emt 0:12:18]} Qe3+ {[%emt 0:00:15]} 13. Kh1 {[%emt 0:00:45]} Ne4 {[%emt 0:00:01]} 14. Qe1 {[%emt 0:00:22]} h5 {[%emt 0:00:51]} 15. Bb5 {[%emt 0:03:07]} Qxe1 {[%emt 0:00:55]} 16. Rxe1 {[%emt 0:00:01]} f5 {[%emt 0:03:11]} 17. Nbd2 {[%emt 0:00:42]} h4 {[%emt 0:03:04]} 18. gxh4 {[%emt 0:02:52]} Nxd2 {[%emt 0:01:44]} 19. Nxd2 {[%emt 0:00:01]} Rxh4 {[%emt 0:01:02]} 20. h3 {[%emt 0:00:55]} f4 {[%emt 0:00:45]} 21. Be2 {[%emt 0:01:09]} Bf5 {[%emt 0:02:11]} 22. Nf3 {[%emt 0:00:52]} Rh6 {[%emt 0:00:30]} 23. Kg1 {[%emt 0:00:25]} g5 {[%emt 0:02:09]} 24. Bc4 {[%emt 0:00:35]} g4 {[%emt 0:03:21]} 25. hxg4 {[%emt 0:00:13]} Bxg4 {[%emt 0:00:18]} 26. Ng5 {[%emt 0:02:52]} Re8 {[%emt 0:03:11]} 27. Be2 {[%emt 0:00:16]} Bf5 {[%emt 0:01:42]} 28. Bf3 {[%emt 0:00:11]} Rg8 {[%emt 0:04:06]} 29. Nxe6 {[%emt 0:06:14]} Bxe6 {[%emt 0:03:30]} 30. d5 {[%emt 0:01:02]} Bd7 {[%emt 0:01:00]} 31. dxc6 {[%emt 0:00:02]} Bxc6 {[%emt 0:00:13]} 32. Bxc6 {[%emt 0:00:50]} Rxc6 {[%emt 0:00:01]} 33. Re2 {[%emt 0:01:30]} Rcg6 {[%emt 0:00:55]} 34. Kh1 {[%emt 0:04:44]} Rh8+ {[%emt 0:00:46]} 35. Kg1 {[%emt 0:00:01]} Rhg8 {[%emt 0:00:11]} 36. Kh1 {[%emt 0:00:03]} Rh6+ {[%emt 0:00:17]} 37. Kg1 {[%emt 0:00:04]} f3 {[%emt 0:00:01]} 0-1